[Event "TOP 12 Feminin Phase 1"]
[Site "PARIS, France"]
[Date "2025.05.10"]
[Round "3.3"]
[White "BELENKAYA, Dina"]
[Black "FERNANDEZ, Laura"]
[Result "1-0"]
[WhiteElo "2240"]
[BlackElo "1997"]
[PlyCount "77"]
[EventDate "2025.05.??"]
[WhiteTeam "MONACO"]
[BlackTeam "MONTPELLIER"]
[WhiteTeamCountry "FRA"]
[BlackTeamCountry "FRA"]

1. d4 {3} Nf6 {18} 2. c4 {6} g6 {32} 3. Nc3 {11} Bg7 {29} 4. e4 {15} d6 {118}
5. Nf3 {41} c5 {128} 6. d5 {62} O-O {195} 7. Bd3 {115} e5 {334} 8. dxe6 {309}
fxe6 {51} 9. Bg5 {168} h6 {472} 10. Bh4 {95} g5 {168} 11. Bg3 {15} e5 {151} 12.
Nd2 {280} Nc6 {99} 13. Nf1 {346} Bg4 {284} 14. Qd2 {686} Nd4 {224} 15. Ne3 {139
} Nh5 {787} 16. Nxg4 {161} Nf4 {56} 17. Bxf4 {210} gxf4 {64} 18. f3 {60} h5 {77
} 19. Nf2 {7} Qg5 {66} 20. Bf1 {137} a6 {222} 21. O-O-O {104} b5 {81} 22. cxb5
{37} axb5 {5} 23. Nxb5 {44} Kh8 {166} 24. Nxd4 {16} exd4 {121} 25. Bc4 {62}
Qxg2 {143} 26. Qe2 {373} d3 {34} 27. Rxd3 {83} Bd4 {94} 28. Rf1 {83} Ra4 {88}
29. Rxd4 {173} cxd4 {42} 30. Kb1 {224} Rb4 {177} 31. Qd3 {208} Rc8 {296} 32.
Bb3 {163} Rcb8 {33} 33. Qd1 {60} Qg5 {607} 34. Rg1 {43} Qf6 {62} 35. Nd3 {10}
R4b5 {28} 36. Qd2 {82} Rf8 {194} 37. Qg2 {23} Kh7 {135} 38. Nxf4 {41} Kh6 {116}
39. Nd5 {110} 1-0

[Event "TOP 12 Feminin Phase 1"]
[Site "PARIS, France"]
[Date "2025.05.10"]
[Round "3.4"]
[White "LAVILLEDIEU, Lily-Mei"]
[Black "ZVEREVA, Marija"]
[Result "0-1"]
[WhiteElo "1859"]
[BlackElo "2003"]
[PlyCount "76"]
[EventDate "2025.05.??"]
[WhiteTeam "MONTPELLIER"]
[BlackTeam "MONACO"]
[WhiteTeamCountry "FRA"]
[BlackTeamCountry "FRA"]

1. d4 {3} Nf6 {25} 2. c4 {8} d6 {124} 3. Nc3 {37} Nbd7 {10} 4. e4 {27} e5 {8}
5. d5 {1} Nc5 {26} 6. f3 {80} a5 {21} 7. Be3 {65} Be7 {113} 8. a3 {187} O-O {
241} 9. b4 {361} axb4 {43} 10. axb4 {14} Rxa1 {5} 11. Qxa1 {16} Na6 {28} 12.
Qb2 {237} Nh5 {50} 13. Nge2 {926} Bg5 {1036} 14. Bf2 {415} g6 {790} 15. h4 {716
} Bh6 {292} 16. g4 {295} Nf4 {12} 17. Nxf4 {46} Bxf4 {77} 18. Ne2 {288} Bh6 {84
} 19. b5 {632} Nb8 {638} 20. c5 {29} Nd7 {114} 21. c6 {275} Nb6 {189} 22. Bxb6
{219} cxb6 {4} 23. Qa3 {172} f5 {281} 24. cxb7 {105} Bxb7 {21} 25. gxf5 {21}
gxf5 {149} 26. Ng3 fxe4 {189} 27. fxe4 {13} Rf4 {273} 28. h5 {509} Qc7 {514}
29. Bg2 {143} Qc2 {84} 30. Ne2 {59} Qb1+ {142} 31. Nc1 {29} Rxe4+ {49} 32. Bxe4
{274} Qxe4+ {7} 33. Kf2 {24} Qxh1 {23} 34. Qg3+ {56} Kh8 {14} 35. Ne2 {23} Qxd5
{15} 36. Qh4 {26} Qg2+ {69} 37. Ke1 {14} Bg5 {30} 38. Qf2 {59} Bd2+ {14} 0-1

[Event "TOP 12 Feminin Phase 1"]
[Site "PARIS, France"]
[Date "2025.05.10"]
[Round "3.5"]
[White "SEBAG, Marie"]
[Black "BATSIASHVILI, Nino"]
[Result "0-1"]
[WhiteElo "2448"]
[BlackElo "2455"]
[PlyCount "124"]
[EventDate "2025.05.??"]
[WhiteTeam "CHALONS EN CHAMPAGNE"]
[BlackTeam "JUVISY"]
[WhiteTeamCountry "FRA"]
[BlackTeamCountry "FRA"]

1. e4 {2} e5 {3} 2. Nf3 {5} Nc6 {3} 3. Bb5 {4} a6 {4} 4. Ba4 {6} Bc5 {6} 5. O-O
{600} Nge7 {30} 6. c3 {65} Ba7 {220} 7. d4 {24} Ng6 {7} 8. Bg5 {637} f6 {8} 9.
Be3 {3} O-O {40} 10. d5 {102} Na5 {223} 11. Bxa7 {283} Rxa7 {2} 12. d6 {49} b5
{428} 13. Bc2 {348} Kh8 {281} 14. a4 {348} cxd6 {402} 15. axb5 {294} axb5 {22}
16. b4 {22} Nc6 {6} 17. Rxa7 {11} Nxa7 18. Qxd6 {17} Bb7 {98} 19. Rd1 {595} Bc6
{8} 20. g3 {47} Nc8 {329} 21. Qc5 {101} Nb6 {61} 22. Nbd2 {346} Qb8 {142} 23.
h4 {158} Rc8 {258} 24. h5 {30} d6 {128} 25. Qe3 {131} Ne7 {311} 26. h6 {504} g6
{41} 27. Nh2 {46} Ng8 {871} 28. f4 {92} exf4 {64} 29. Qxf4 {102} d5 {87} 30.
Qf2 {67} Na4 {352} 31. exd5 {805} Bxd5 {51} 32. c4 {18} Nb2 {109} 33. cxd5 {77}
Rxc2 {73} 34. Ra1 {183} Nc4 {131} 35. Nhf1 {28} Nxd2 {497} 36. Nxd2 {4} Qd8 {
446} 37. Qd4 {83} Nxh6 {98} 38. Ne4 {134} Nf5 {35} 39. Qxf6+ {13} Qxf6 {7} 40.
Nxf6 {3} Kg7 {21} 41. Ne4 {71} Rc4 {41} 42. Ra7+ {62} Kh6 {35} 43. Nf6 {35}
Rxb4 {166} 44. Nxh7 {109} Rd4 {58} 45. Rb7 {77} Nxg3 {225} 46. Nf8 {15} Rxd5 {
41} 47. Rb6 {14} Ne2+ {71} 48. Kf2 {22} Nf4 {67} 49. Kg3 {56} Rf5 {57} 50. Nd7
{5} Kg5 {43} 51. Nb8 {25} Ne2+ {47} 52. Kg2 {14} Nc3 {55} 53. Rc6 {60} Nd5 {69}
54. Na6 {16} Kh4 {28} 55. Nc5 {33} Ne3+ {17} 56. Kh2 {6} Rf2+ {19} 57. Kg1 {3}
Rf1+ {13} 58. Kh2 {3} Rc1 {99} 59. Rc7 {19} Rc2+ {24} 60. Kg1 {5} Kg4 {9} 61.
Ne6 {30} Rxc7 {63} 62. Nxc7 {4} b4 {3} 0-1

[Event "TOP 12 Feminin Phase 1"]
[Site "PARIS, France"]
[Date "2025.05.10"]
[Round "3.6"]
[White "AUVRAY, Honorine"]
[Black "PARTAC, Elena"]
[Result "1-0"]
[WhiteElo "2008"]
[BlackElo "2059"]
[PlyCount "56"]
[EventDate "2025.05.??"]
[WhiteTeam "JUVISY"]
[BlackTeam "CHALONS EN CHAMPAGNE"]
[WhiteTeamCountry "FRA"]
[BlackTeamCountry "FRA"]

1. c4 {5} e5 {12} 2. Nc3 {17} Nc6 {6} 3. Nf3 {13} g6 {220} 4. d4 {34} exd4 {61}
5. Nd5 {31} Bg7 {351} 6. Bg5 {87} f6 {640} 7. Bf4 {64} d6 {536} 8. Nxd4 {76}
Nxd4 {289} 9. Qxd4 {19} Ne7 {9} 10. e4 {679} O-O {119} 11. Qd2 {258} Re8 {511}
12. O-O-O {170} Nxd5 {584} 13. exd5 {123} a5 {887} 14. h4 {431} a4 {17} 15. a3
{55} Qe7 {577} 16. Bd3 {536} Bg4 {267} 17. f3 {215} Bd7 {4} 18. g4 {218} Qf7 {
63} 19. h5 {389} f5 {349} 20. hxg6 {161} hxg6 {4} 21. Qh2 {327} b5 {51} 22.
cxb5 {819} Qxd5 {153} 23. Qh7+ {282} Kf7 {70} 24. Bh6 {379} Rg8 {17} 25. Bxf5 {
103} Qc4+ {327} 26. Bc2 {4} Qe6 {56} 27. Rd4 {190} Ke8 {31} 28. Bxg7 {63} Bc8 {
54} 1-0

[Event "TOP 12 Feminin Phase 1"]
[Site "PARIS, France"]
[Date "2025.05.10"]
[Round "3.7"]
[White "MORACCHINI, Margaux"]
[Black "GRIMAULT, Leane"]
[Result "1-0"]
[WhiteElo "2019"]
[BlackElo "1988"]
[PlyCount "93"]
[EventDate "2025.05.??"]
[WhiteTeam "CHALONS EN CHAMPAGNE"]
[BlackTeam "JUVISY"]
[WhiteTeamCountry "FRA"]
[BlackTeamCountry "FRA"]

1. e4 {36} d5 {33} 2. exd5 {20} Qxd5 {9} 3. Nc3 {15} Qa5 {22} 4. Bc4 {56} Nf6 {
43} 5. d3 {20} Bg4 {51} 6. f3 {24} Bd7 {50} 7. f4 {46} e6 {389} 8. Bd2 {97} Qb6
{143} 9. Qe2 {45} Nc6 {174} 10. Nf3 {48} Nd4 {271} 11. Nxd4 {89} Qxd4 {8} 12.
O-O-O {384} Qb6 {809} 13. f5 {225} O-O-O {7} 14. fxe6 {19} Bxe6 {64} 15. Bxe6+
{13} fxe6 {47} 16. Rde1 {66} Re8 {25} 17. Rhf1 {179} Bb4 {175} 18. Rf3 {918} e5
{327} 19. Re3 {121} Bd6 {336} 20. g4 {765} h6 {208} 21. h4 {176} Kb8 {337} 22.
g5 {272} hxg5 {86} 23. hxg5 {5} Nh5 {16} 24. Qg4 {22} a6 {150} 25. d4 {393} Qa5
{650} 26. Kb1 {642} g6 {349} 27. Ne4 {360} Qb5 {154} 28. Nxd6 {430} cxd6 {13}
29. Bc3 {98} Ng7 {134} 30. dxe5 {50} Nf5 {110} 31. R3e2 {72} dxe5 {81} 32. a4 {
42} Qc6 {235} 33. Bxe5+ {81} Rxe5 {15} 34. Rxe5 {5} Rh4 {22} 35. Re8+ {47} Ka7
{110} 36. Qg1+ {18} b6 {42} 37. a5 {14} Rb4 {20} 38. axb6+ {252} Rxb6 {69} 39.
R8e6 {81} Nd6 {92} 40. Rd1 {82} Qb5 {76} 41. Qd4 {92} Nb7 {340} 42. Qxb6+ {38}
Qxb6 {7} 43. Rxb6 {4} Kxb6 {8} 44. Rf1 {13} Nc5 {91} 45. Rf6+ {6} Kb5 {8} 46.
Rxg6 {5} Ne4 {7} 47. Re6 {19} 1-0

[Event "TOP 12 Feminin Phase 1"]
[Site "PARIS, France"]
[Date "2025.05.10"]
[Round "3.8"]
[White "AUBERT, Estee"]
[Black "MARTOIAN, Seda"]
[Result "1-0"]
[WhiteElo "1966"]
[BlackElo "1729"]
[PlyCount "73"]
[EventDate "2025.05.??"]
[WhiteTeam "JUVISY"]
[BlackTeam "CHALONS EN CHAMPAGNE"]
[WhiteTeamCountry "FRA"]
[BlackTeamCountry "FRA"]

1. d4 {3} Nf6 {25} 2. Bf4 {25} g6 {49} 3. e3 {63} Bg7 {100} 4. Nf3 {13} c5 {110
} 5. Nc3 {572} cxd4 {286} 6. exd4 {5} O-O {54} 7. Be2 {50} d6 {53} 8. h3 {49}
Nc6 {426} 9. O-O {69} Qc7 {447} 10. Nb5 {806} Qd8 {814} 11. a4 {230} a6 {377}
12. Na3 {271} Nh5 {221} 13. Bh2 {489} e5 {234} 14. dxe5 {141} dxe5 {17} 15. Nc4
{86} f6 {593} 16. Qxd8 {198} Rxd8 {11} 17. Nb6 {15} Rb8 {47} 18. Bc4+ {11} Kh8
{30} 19. Rfd1 {62} Nf4 {259} 20. Rxd8+ {426} Nxd8 {12} 21. Bxf4 {38} exf4 {19}
22. Nd4 {221} f5 {207} 23. c3 {346} Nc6 {327} 24. Re1 {385} Ne5 {189} 25. Nf3 {
198} Nxf3+ {468} 26. gxf3 {8} Bf8 {48} 27. Re8 {80} Kg7 {9} 28. Bd5 {211} Bc5 {
71} 29. Nxc8 {191} b5 {51} 30. a5 {75} Bf8 {123} 31. b4 {114} h6 {140} 32. h4 {
228} g5 {54} 33. h5 {30} g4 {117} 34. Kg2 {6} Be7 {30} 35. Rxe7+ {19} Kf6 {11}
36. Re6+ {349} Kg7 {14} 37. Rg6+ {35} 1-0

[Event "TOP 12 Feminin Phase 1"]
[Site "PARIS, France"]
[Date "2025.05.10"]
[Round "3.9"]
[White "ZATONSKIH, Anna"]
[Black "COSMA, Elena-Luminata"]
[Result "1/2-1/2"]
[WhiteElo "2312"]
[BlackElo "2227"]
[PlyCount "89"]
[EventDate "2025.05.??"]
[WhiteTeam "VANDOEUVRE"]
[BlackTeam "SAINT QUENTIN"]
[WhiteTeamCountry "FRA"]
[BlackTeamCountry "FRA"]

1. d4 {1} d5 {8} 2. c4 {4} e6 {6} 3. Nc3 {10} Nf6 {8} 4. cxd5 {12} exd5 {6} 5.
Bg5 {48} c6 {44} 6. e3 {26} Be7 {32} 7. Bd3 {175} Nbd7 {10} 8. Qc2 {67} Nh5 {
299} 9. Bxe7 {16} Qxe7 {6} 10. O-O-O {17} Nhf6 {116} 11. Kb1 {279} Nb6 {55} 12.
Rc1 {329} Be6 {460} 13. Nf3 {130} h6 {522} 14. h3 {972} Nfd7 {240} 15. Ka1 {809
} Nc8 {1894} 16. Ne5 {475} Nxe5 {467} 17. dxe5 {17} Nb6 {208} 18. Ne2 {1083}
Bd7 {344} 19. f4 {236} O-O-O {18} 20. Nd4 {332} Kb8 {9} 21. Rhd1 {111} Rc8 {114
} 22. Bf5 {277} Rhd8 {405} 23. Bxd7 {121} Rxd7 {123} 24. Nf5 {90} Qf8 {9} 25.
Qc3 {207} Rcc7 {314} 26. g4 {59} g6 {74} 27. Nd4 {5} Rc8 {55} 28. Nb3 {65} Nc4
{94} 29. Qd4 {100} c5 {42} 30. Qc3 {2} Rdd8 {56} 31. e4 {114} Nb6 {34} 32. exd5
{50} Rxd5 {50} 33. Rxd5 {34} Nxd5 {4} 34. Qc4 {8} Nb6 {42} 35. Qe4 {23} Qe7 {
102} 36. f5 {66} gxf5 {88} 37. gxf5 c4 {8} 38. Nd4 {38} Qg5 {20} 39. Kb1 {80}
c3 {30} 40. bxc3 {66} Nc4 {7} 41. Qe2 {72} Na3+ 42. Kb2 {12} Nc4+ {4} 43. Kb1 {
59} Na3+ {1} 44. Kb2 {7} Nc4+ {3} 45. Kb1 {69} 1/2-1/2

[Event "TOP 12 Feminin Phase 1"]
[Site "PARIS, France"]
[Date "2025.05.10"]
[Round "3.10"]
[White "MONPEURT, Cyrielle"]
[Black "SAVINA, Anastasia"]
[Result "1-0"]
[WhiteElo "2130"]
[BlackElo "2332"]
[PlyCount "51"]
[EventDate "2025.05.??"]
[WhiteTeam "SAINT QUENTIN"]
[BlackTeam "VANDOEUVRE"]
[WhiteTeamCountry "FRA"]
[BlackTeamCountry "FRA"]

1. e4 {3} e5 {17} 2. Nf3 {6} Nc6 {4} 3. Bb5 {16} a6 {118} 4. Ba4 {8} Nf6 {4} 5.
O-O {22} Be7 {24} 6. Re1 {42} b5 {18} 7. Bb3 {4} d6 {10} 8. c3 {34} O-O {10} 9.
h3 {23} Nb8 {20} 10. d4 {90} Nbd7 {7} 11. c4 {21} Bb7 {437} 12. Nc3 {89} c6 {
547} 13. a3 {14} bxc4 {968} 14. Bxc4 {23} d5 {91} 15. dxe5 {494} Nxe4 {345} 16.
Nxe4 {1083} dxe4 {93} 17. e6 {79} exf3 {2008} 18. Qxd7 {8} Qxd7 {821} 19. exd7
{6} Bf6 {111} 20. Bf4 {34} c5 {63} 21. Rad1 {256} fxg2 {299} 22. Bd6 {220} Rfd8
{38} 23. Be7 {268} Bxe7 {34} 24. Rxe7 {2} Bf3 {22} 25. Rde1 {44} Bc6 {38} 26.
Bd5 {392} 1-0

[Event "TOP 12 Feminin Phase 1"]
[Site "PARIS, France"]
[Date "2025.05.10"]
[Round "3.11"]
[White "THOMAS, Anysia"]
[Black "MILOJEVIC-DAIM, Lola-Shaina"]
[Result "0-1"]
[WhiteElo "2144"]
[BlackElo "1933"]
[PlyCount "70"]
[EventDate "2025.05.??"]
[WhiteTeam "VANDOEUVRE"]
[BlackTeam "SAINT QUENTIN"]

1. d4 {14} d5 {8} 2. c4 {18} c6 {14} 3. Nf3 {6} Nf6 {15} 4. e3 {49} Bf5 {37} 5.
Nc3 {26} e6 {36} 6. Nh4 {73} Be4 {45} 7. f3 {464} Bg6 {11} 8. Nxg6 {761} hxg6 {
13} 9. Qc2 {16} Qc7 {345} 10. g4 {267} Bd6 {558} 11. g5 {235} Nh5 {526} 12. Qg2
{867} dxc4 {1873} 13. Bxc4 {95} Nd7 {139} 14. Bd2 {269} e5 {480} 15. dxe5 {351}
Nxe5 {54} 16. Be2 {6} O-O-O {198} 17. f4 {20} Nd7 {16} 18. Rc1 {191} Bc5 {372}
19. Na4 {290} Qd6 {265} 20. Bg4 {886} Bb4 {243} 21. Bxb4 {356} Qxb4+ {9} 22.
Nc3 {7} Rhe8 {58} 23. O-O {72} Kb8 {81} 24. Rcd1 {401} Nb6 {236} 25. Rxd8+ {94}
Rxd8 {2} 26. a3 {113} Qc5 {101} 27. Qf2 {84} Nc4 {78} 28. e4 {100} Qe3 {247}
29. Bxh5 {120} gxh5 {18} 30. Qxe3 {29} Nxe3 {5} 31. Re1 {45} Nc4 {73} 32. Re2 {
10} Rd3 {79} 33. Na4 {23} Rb3 {77} 34. Rc2 {53} b5 {14} 35. Kg2 {35} Ne3+ {12}
0-1

[Event "TOP 12 Feminin Phase 1"]
[Site "PARIS, France"]
[Date "2025.05.10"]
[Round "3.12"]
[White "STERPU, Constanta-Andreea"]
[Black "BLANQUET, Camille"]
[Result "0-1"]
[WhiteElo "1970"]
[BlackElo "2073"]
[Annotator ",jmourgues41@gmail.co"]
[PlyCount "98"]
[EventDate "2025.05.??"]
[WhiteTeam "SAINT QUENTIN"]
[BlackTeam "VANDOEUVRE"]
[WhiteTeamCountry "FRA"]
[BlackTeamCountry "FRA"]

1. d4 {2} Nf6 {80} 2. Nf3 {6} d5 {19} 3. e3 {10} e6 {34} 4. Bd3 {10} b6 {32} 5.
b3 {68} Bb4+ {24} 6. c3 {34} Bd6 {12} 7. O-O {37} Bb7 {27} 8. c4 {46} O-O {111}
9. cxd5 {387} exd5 {60} 10. Ba3 {16} c5 {137} 11. Nc3 {46} a6 {82} 12. Na4 {306
} Nbd7 {285} 13. Rc1 {251} Qe7 {155} 14. Bf5 {600} c4 {458} 15. Bxd6 {465} Qxd6
{4} 16. Nc3 {40} b5 {67} 17. Ne2 {18} g6 {513} 18. Bh3 {184} Rfe8 {437} 19. g3
{79} b4 {126} 20. Nf4 {62} a5 {241} 21. Re1 {226} Ba6 {120} 22. Bf1 {890} Rac8
{221} 23. h4 {27} Bb5 {193} 24. h5 {124} Ne4 {104} 25. hxg6 {120} hxg6 {43} 26.
Bh3 {257} Rc7 {138} 27. Bxd7 {128} Bxd7 {319} 28. Ne5 {248} Rec8 {28} 29. Kg2 {
323} Nc3 {209} 30. Qf3 {666} Bf5 {53} 31. Kh2 {240} Qf6 {436} 32. Rxc3 {404}
Qh8+ {69} 33. Nh5 {12} bxc3 {50} 34. Kg1 {40} Qxh5 {51} 35. g4 {24} Qg5 {37}
36. bxc4 {71} Be4 {143} 37. Qg3 {11} dxc4 {77} 38. f3 {28} Bb7 {38} 39. f4 {39}
Qd8 {132} 40. g5 {23} Kg7 {144} 41. Ng4 {12} Qd5 {65} 42. Nf6 {45} Qf3 {38} 43.
Qxf3 {57} Bxf3 {5} 44. e4 {8} c2 {10} 45. Rc1 {61} Bd1 {9} 46. Nd5 {5} Rb7 {60}
47. Nc3 {9} Rcb8 {92} 48. Nxd1 {31} cxd1=Q+ {13} 49. Rxd1 {3} Rb1 {19} 0-1

[Event "TOP 12 Feminin Phase 1"]
[Site "PARIS, France"]
[Date "2025.05.10"]
[Round "4.1"]
[White "TSATSALASHVILI, Keti"]
[Black "COSMA, Elena-Luminata"]
[Result "0-1"]
[WhiteElo "2296"]
[BlackElo "2227"]
[PlyCount "112"]
[EventDate "2025.05.??"]
[WhiteTeam "MONTPELLIER"]
[BlackTeam "SAINT QUENTIN"]
[WhiteTeamCountry "FRA"]
[BlackTeamCountry "FRA"]

1. d4 {4} d5 {5} 2. c4 {11} e6 {5} 3. Nf3 {12} Nf6 {5} 4. g3 {17} dxc4 {10} 5.
Qa4+ {66} c6 {73} 6. Qxc4 {13} b5 {5} 7. Qc2 {19} Bb7 {8} 8. a4 {454} a6 {37}
9. Bg2 {255} Nbd7 {17} 10. O-O {944} c5 {202} 11. Bg5 {151} Rc8 {1690} 12. axb5
{46} axb5 {16} 13. dxc5 {433} Bxc5 {588} 14. Qd3 {170} b4 {27} 15. Nbd2 {109}
h6 {321} 16. Bxf6 {130} Nxf6 {48} 17. Qb5+ {401} Qd7 {9} 18. Qxd7+ {15} Nxd7 {7
} 19. Nb3 {45} Bd5 {1883} 20. Nfd2 {185} Bxb3 {234} 21. Nxb3 {9} O-O {191} 22.
Rfd1 {574} Nf6 {186} 23. Bf3 {101} Be7 {55} 24. Ra7 {42} Rfe8 {24} 25. e3 {196}
Bf8 {15} 26. Rd2 {76} Red8 {61} 27. Rxd8 {37} Rxd8 {5} 28. Rc7 {70} g6 {56} 29.
Nd4 {118} Rd7 {162} 30. Rc4 {302} Nd5 {65} 31. Nc6 {75} Nb6 {14} 32. Rc2 {10}
Kg7 {21} 33. Ne5 {94} Ra7 {7} 34. Kg2 {291} h5 {8} 35. h3 {91} Na4 {29} 36. Bc6
{130} Nc5 {125} 37. g4 {139} hxg4 {21} 38. hxg4 {8} Bd6 {24} 39. Nc4 {27} Be7 {
5} 40. f4 {137} Rc7 {20} 41. Bf3 {109} Na4 {40} 42. b3 {125} Nb6 43. Be2 {19}
Nxc4 {15} 44. Bxc4 {7} Bf6 {42} 45. Ra2 {87} Bc3 {21} 46. Ra6 {25} e5 {35} 47.
f5 {28} gxf5 {38} 48. gxf5 {3} e4 {91} 49. Kf2 {478} Rd7 {12} 50. Kg3 {36} Be5+
{14} 51. Kg4 {26} f6 {180} 52. Kh5 {22} Kh7 {50} 53. Be6 {45} Rg7 {6} 54. Ra4 {
29} Bg3 {24} 55. Bg8+ {36} Rxg8 {27} 56. Ra7+ Rg7 {9} 0-1

[Event "TOP 12 Feminin Phase 1"]
[Site "PARIS, France"]
[Date "2025.05.10"]
[Round "4.2"]
[White "MONPEURT, Cyrielle"]
[Black "GADARINIAN, Caroline"]
[Result "1-0"]
[WhiteElo "2130"]
[BlackElo "2011"]
[PlyCount "103"]
[EventDate "2025.05.??"]
[WhiteTeam "SAINT QUENTIN"]
[BlackTeam "MONTPELLIER"]
[WhiteTeamCountry "FRA"]
[BlackTeamCountry "FRA"]

1. e4 {3} d6 {6} 2. d4 {8} Nf6 {5} 3. Nc3 {11} c6 {8} 4. Nf3 {34} Bg4 {25} 5.
h3 {40} Bh5 {68} 6. Qe2 {31} Bxf3 {718} 7. Qxf3 {44} e6 {96} 8. d5 {27} e5 {194
} 9. Bg5 {259} Be7 {24} 10. Bxf6 {364} Bxf6 {19} 11. dxc6 {142} bxc6 {365} 12.
Bc4 {123} O-O {85} 13. O-O-O {464} Be7 {790} 14. Kb1 {298} Nd7 {75} 15. h4 {123
} Nc5 {156} 16. Ne2 {515} Rb8 {821} 17. Ng3 {46} Rb4 {401} 18. b3 {149} Qa5 {
632} 19. Nf5 {101} Bf6 {239} 20. Nxd6 {824} Rfb8 {262} 21. Bxf7+ {508} Kh8 {45}
22. Rh3 {83} Ra4 {122} 23. Qc3 {103} Rbb4 {259} 24. a3 {369} Rxa3 {201} 25. Nc4
{11} Nxe4 {123} 26. Nxa5 {64} Nxc3+ {5} 27. Rxc3 {5} Rxa5 {156} 28. Rxc6 {7}
Rb8 {61} 29. Rd5 {262} Rxd5 {100} 30. Bxd5 {4} h6 {27} 31. h5 {139} Kh7 {125}
32. Ra6 {96} Rb4 {45} 33. f3 {88} Rh4 {67} 34. Be4+ {38} Kg8 {4} 35. g4 {55}
Bg5 {36} 36. Rxa7 {32} Be3 {27} 37. Bd5+ {57} Kh7 {61} 38. Ra8 {70} Rh1+ {51}
39. Ka2 {20} g6 {37} 40. hxg6+ {183} Kxg6 {7} 41. Be4+ {3} Kg7 {21} 42. b4 {16}
Bd2 {64} 43. b5 {23} Bc3 {17} 44. Kb3 {11} Bd4 {5} 45. Kc4 {25} Rb1 {26} 46.
Ra6 {46} Be3 {22} 47. Re6 {38} Bf4 {23} 48. b6 {78} Kf7 {6} 49. Bd5 {46} Kf8 {4
} 50. b7 {20} Rb2 {11} 51. Be4 {20} Kf7 {9} 52. Ra6 {50} 1-0

[Event "TOP 12 Feminin Phase 1"]
[Site "PARIS, France"]
[Date "2025.05.10"]
[Round "4.3"]
[White "FERNANDEZ, Laura"]
[Black "STERPU, Constanta-Andreea"]
[Result "1-0"]
[WhiteElo "1997"]
[BlackElo "1970"]
[PlyCount "101"]
[EventDate "2025.05.??"]
[WhiteTeam "MONTPELLIER"]
[BlackTeam "SAINT QUENTIN"]
[WhiteTeamCountry "FRA"]
[BlackTeamCountry "FRA"]

1. e4 {2} c6 {5} 2. d4 {29} d5 {4} 3. Nc3 {18} dxe4 {6} 4. Nxe4 {7} Nf6 {3} 5.
Nxf6+ {204} exf6 {12} 6. Be3 {305} Bd6 {18} 7. Bd3 {201} Nd7 {162} 8. Qg4 {175}
g6 {185} 9. Qf3 {281} f5 {626} 10. h4 {134} h5 {195} 11. O-O-O {312} O-O {324}
12. Bh6 {368} Re8 {266} 13. Kb1 {332} Nf6 {75} 14. Bg5 {48} Be6 {185} 15. Ne2 {
108} Be7 {992} 16. Nf4 {259} Bd5 {99} 17. Qg3 {154} Ne4 {1675} 18. Bxe4 {119}
fxe4 {45} 19. Bxe7 {882} Rxe7 {14} 20. Nxh5 {46} Bxa2+ {21} 21. Kc1 {114} Qa5 {
106} 22. Nf6+ {283} Kg7 {32} 23. Qg5 {104} Qc7 {711} 24. h5 {58} Rh8 {278} 25.
h6+ {129} Kf8 {12} 26. h7 {8} Re6 {42} 27. Qh6+ {68} Ke7 {8} 28. Ng8+ {143} Kd7
{36} 29. Qg7 {100} Qf4+ {11} 30. Rd2 {7} e3 {101} 31. fxe3 {122} Rxe3 {42} 32.
Qxh8 {120} Re2 {6} 33. Nf6+ {50} Kc7 {43} 34. Ne4 {168} Rxe4 {24} 35. Qe5+ {112
} Rxe5 {65} 36. dxe5 {14} Be6 {26} 37. h8=Q {30} b6 {5} 38. Qd8+ {216} Kb7 {2}
39. Qd4 {31} Qg5 {67} 40. Kb1 {161} a5 {21} 41. Rhd1 {121} b5 {61} 42. Qc5 {33}
Qf5 {19} 43. Rd6 {29} Qe4 {46} 44. Rxe6 {100} fxe6 {2} 45. Rd7+ {73} Kc8 {2}
46. Rd6 {22} Kb7 {74} 47. Rxe6 {73} Qxg2 {2} 48. Re7+ {36} Kc8 {15} 49. Re8+ {
17} Kb7 {52} 50. Qe7+ {35} Kb6 {26} 51. Rb8+ {11} 1-0

[Event "TOP 12 Feminin Phase 1"]
[Site "PARIS, France"]
[Date "2025.05.10"]
[Round "4.4"]
[White "MILOJEVIC-DAIM, Lola-Shaina"]
[Black "LAVILLEDIEU, Lily-Mei"]
[Result "1-0"]
[WhiteElo "1933"]
[BlackElo "1859"]
[PlyCount "96"]
[EventDate "2025.05.??"]
[WhiteTeam "SAINT QUENTIN"]
[BlackTeam "MONTPELLIER"]
[WhiteTeamCountry "FRA"]
[BlackTeamCountry "FRA"]

1. d4 {3} d5 {7} 2. Nc3 {8} Nf6 {13} 3. Bf4 {7} c6 {30} 4. e3 {12} Bf5 {27} 5.
Nf3 {10} e6 {30} 6. Ne5 {58} h6 {365} 7. g4 {124} Bh7 {96} 8. h4 {186} Bb4 {188
} 9. f3 {179} Nbd7 {257} 10. Qd2 {514} Rg8 {318} 11. h5 {1260} Nxe5 {194} 12.
Bxe5 {326} Nd7 {88} 13. Bf4 {116} Qa5 {268} 14. Bd3 {477} Bxd3 {83} 15. cxd3 {
59} c5 {397} 16. Ke2 {673} cxd4 {541} 17. exd4 {24} Rc8 {67} 18. Rhc1 {112}
Bxc3 {120} 19. Rxc3 {27} Rxc3 {124} 20. Qxc3 {13} Qxc3 {48} 21. bxc3 {3} Ke7 {
168} 22. Rb1 {247} b6 {73} 23. a4 {114} Rc8 {135} 24. Kd2 {66} f6 {160} 25. Bg3
{202} Kf7 {376} 26. Rc1 {444} e5 {242} 27. dxe5 {103} Nc5 {416} 28. Re1 {139}
Nxa4 {73} 29. exf6 {24} Kxf6 {109} 30. Bh4+ {45} g5 {45} 31. hxg6+ {14} Kxg6 {6
} 32. Re6+ {37} Kg7 {81} 33. Re7+ {26} Kg8 {89} 34. Rxa7 {110} Nxc3 {26} 35.
Bf6 {267} Nb5 36. Rg7+ {36} Kf8 {8} 37. Rh7 {29} Rc6 {162} 38. Rxh6 {12} Kf7 {
33} 39. g5 {7} Nc7 {56} 40. g6+ {96} Kxf6 {192} 41. g7+ {6} Kxg7 {7} 42. Rxc6 {
6} Ne8 {64} 43. Rxb6 {10} Nf6 {13} 44. Ke3 {32} Kf7 {43} 45. Kd4 {14} Kg6 {38}
46. Rxf6+ {20} Kxf6 {6} 47. Kxd5 {5} Kf5 {14} 48. d4 {19} Kf4 {16} 1-0

[Event "TOP 12 Feminin Phase 1"]
[Site "PARIS, France"]
[Date "2025.05.10"]
[Round "4.5"]
[White "BATSIASHVILI, Nino"]
[Black "SAVINA, Anastasia"]
[Result "1-0"]
[WhiteElo "2455"]
[BlackElo "2332"]
[PlyCount "62"]
[EventDate "2025.05.??"]
[WhiteTeam "JUVISY"]
[BlackTeam "VANDOEUVRE"]
[WhiteTeamCountry "FRA"]
[BlackTeamCountry "FRA"]

1. d4 {140} Nf6 {21} 2. c4 {13} g6 {4} 3. Nc3 {11} Bg7 {5} 4. g3 {6} d5 {153}
5. cxd5 {89} Nxd5 {4} 6. Bg2 {4} Nxc3 {63} 7. bxc3 {1} c5 {130} 8. e3 {114} O-O
{17} 9. Ne2 {21} Nc6 {217} 10. O-O {175} Na5 {104} 11. h3 {578} Rb8 {1675} 12.
e4 {412} cxd4 {950} 13. cxd4 {10} b5 {251} 14. Bf4 {429} Rb6 {53} 15. Rc1 {605}
Nc4 {24} 16. Qb3 {214} e6 {938} 17. Rcd1 {212} Qe7 {247} 18. Nc3 {173} Ba6 {177
} 19. Rfe1 {146} Rc8 {67} 20. e5 {82} Na5 {245} 21. Qb2 {60} Nc4 {13} 22. Qa1 {
260} Na3 {365} 23. Rc1 {169} b4 {109} 24. Na4 {38} Nc2 {39} 25. Rxc2 {47} Rxc2
{3} 26. Nxb6 {5} axb6 {2} 27. Qb1 {24} Rc8 {191} 28. d5 {231} exd5 {5} 29. Bxd5
{98} Qd7 {198} 30. Qe4 {192} Rd8 {32} 31. e6 {59} Qxd5 {32} 1-0